| 000 | 00941nam a2200301 i 4500 | ||
|---|---|---|---|
| 003 | DO-SdBNP | ||
| 005 | 20250429115423.0 | ||
| 007 | ta | ||
| 008 | 240628b2024 dr ||| |||| 00| 0 spa d | ||
| 020 | _a9789945188219 | ||
| 040 |
_aDO-SdBNP _bspa _cBNPHU _erda |
||
| 041 | _aspa | ||
| 082 | 4 |
_aRD861.44 _bC433s _222 |
|
| 100 | 1 |
_aChaín, Plinio, _eautor _4aut. _96652 |
|
| 245 | 1 | 0 |
_aSi parece irreal es coincidencia / _cPlinio Chahín. |
| 264 | 4 |
_aSanto Domingo : _bEditora Búho, _c©2024. |
|
| 300 |
_a115 páginas ; _c23 cm. |
||
| 336 |
_atexto _btxt _2rdacontent |
||
| 337 |
_asin mediación _bn _2rdamedia |
||
| 338 |
_avolumen _bnc _2rdacarrier |
||
| 500 | _aIncluye datos biográficos de la autor en las solapas | ||
| 590 | _aInventariado, 2024/BT | ||
| 650 | 4 | _aPoesía dominicana | |
| 650 | 0 |
_aÉxito _9394 |
|
| 650 | 4 |
_aSuperación personal _910825 |
|
| 910 | _aBtavárez/Validado. Control de calidad MFF | ||
| 942 |
_2ddc _cLBS1 |
||
| 999 |
_c57073 _d57073 |
||